Super Smash Bros. Assist Trophies by Debut - Statistics

General Stats
  • This quiz has been taken 50 times
  • The average score is 40 of 75
Answer Stats
Game Date Assist Trophy % Correct
Bomberman 1983 July Bomberman
93%
Excitebike 1984 November 28 Excitebikes
87%
Pac-Man 1980 May 22 Ghosts
87%
Devil World 1984 October 5 Devil
83%
Metroid 1986 August 6 Metroid
83%
Sheriff 1979 October Sheriff
83%
Color TV-Game 1977 June 1 Color TV-Game 15
80%
Punch-Out!! 1984 February 17 Little Mac
80%
Sonic the Hedgehog 3 1994 February 2 Knuckles
77%
Castlevania III: Dracula’s Curse 1989 December 22 Alucard
70%
Nintendogs 2005 April 21 Nintendog
70%
Sonic Adventure 2 2001 June 21 Shadow
70%
Mario Tennis 2000 July 21 Waluigi
70%
Mega Man X 1993 December 17 Zero
70%
Street Fighter II 1991 February 6 Guile
67%
Super Mario Bros. 1985 September 13 Hammer Bro
67%
The Legend of Zelda: Twilight Princess 2006 November 19 Midna
67%
The Legend of Zelda: Majora’s Mask 2000 April 27 Skull Kid
67%
Star Fox Adventures 2002 September 23 Krystal
63%
Shovel Knight 2014 June 26 Shovel Knight
63%
WarioWare: Touched 2004 December 2 Ashley
60%
Golden Sun 2001 August 1 Isaac
60%
The Legend of Zelda: Majora’s Mask 2000 April 27 Moon
60%
Monster Hunter 2004 March 11 Rathalos
60%
Densetsu no Stafy 2002 September 6 Starfy
60%
Metroid Prime 2: Echoes 2004 November 15 Dark Samus
57%
Metal Gear 1987 July 13 Gray Fox
57%
Fire Emblem 2003 April 23 Lyn
57%
Virtua Fighter 1993 October Akira
53%
Dillon’s Rolling Western 2012 February 22 Dillon
53%
Mario Paint 1992 July 14 Flies & Hand
53%
Famicom Wars 1988 August 12 Infantry & Tanks
53%
F-Zero 1990 November 21 Samurai Goroh
53%
The Mysterious Murasame Castle 1986 April 14 Takamaru
53%
Mega Man 1987 December 17 Wily Capsule
53%
Brain Age: Train Your Brain in Minutes a Day! 2005 May 19 Dr. Kawashima
50%
Donkey Kong Country 1994 November 18 Klaptrap
50%
Earthbound Beginnings 1989 July 27 Starman
50%
Joy Mech Fight 1993 May 21 Sukapon
50%
Star Fox 1993 February 21 Andross
47%
Fire Emblem: Path of Radiance 2005 April 20 Black Knight
47%
Pikmin 2001 October 26 Burrowing Snagret
47%
Mega Man 1987 December 17 Elec Man
47%
Earthbound 1994 August 27 Jeff
47%
Metroid 1986 August 6 Mother Brain
47%
Fire Emblem: Shadow Dragon and the Blade of Light 1990 April 20 Tiki
47%
Animal Crossing: New Leaf 2012 November 8 Isabelle
43%
Animal Crossing 2001 April 14 Kapp’n
43%
Super Mario Bros. 1985 September 13 Lakitu & Spinies
43%
Xenoblade Chronicles 2010 June 10 Riki
43%
Bayonetta 2009 October 29 Rodin
43%
ARMS 2017 June 16 Spring Man
43%
Splatoon 2015 May 28 Squid Sisters
43%
Art Academy: First Semester 2009 September 14 Vince
43%
SimCity 1991 April 26 Dr. Wright
40%
The Legend of Zelda: Skyward Sword 2011 November 18 Ghirahim
40%
Drill Dozer 2005 September 22 Jill
40%
Kirby Super Star 1996 March 21 Knuckle Joe
40%
Kid Icarus Uprising 2012 March 22 Magnus
40%
Swapnote 2011 December 21 Nikki
40%
Nintendo Badge Arcade 2014 December 17 Arcade Bunny
37%
Super Mario Bros. 3 1988 October 23 Chain Chomp
37%
Kirby Super Star 1996 March 21 Chef Kawasaki
37%
Animal Crossing 2001 April 14 Mr. Resetti
37%
Kaeru no Tame ni Kane wa Naru(The Frog For Whom the Bell Tolls) 1992 September 14 Sablé Prince
37%
Sin & Punishment 2000 November 21 Saki Amamiya
37%
Super Mario Bros. 3 1988 October 23 Thwomp
37%
Fatal Frame 2001 December 31 Yuri Kozukata
37%
Kirby’s Adventure 1993 March 23 Nightmare
33%
The Legend of Zelda: Majora’s Mask 2000 April 27 Tingle
33%
Daigasso! Band Brothers 2004 December 2 Barbara
30%
WarioWare, Inc.: Mega Microgame$! 2003 March 21 Kat & Ana
30%
Kuru Kuru Kururin 2001 March 21 Helirin
27%
Custom Robo 2006 October 16 Ray Mk III
27%
Kid Icarus Uprising 2012 March 22 Phosphora
23%
No matching quizzes found
Score Distribution
Percent of People with Each Score
Percentile by Number Answered
Your Score History
You have not taken this quiz